Sueldos y salarios Personas fs̕icas. Gua̕ prc̀tica 2018 /

Bibliographic Details
Main Author: Přez Chv̀ez, Još
Other Authors: Fol Olgun̕, Raymundo
Format: eBook
Language:Spanish
Published: Ciudad de Mx̌ico: Tax Editores, 2018
Subjects:
Online Access:Acceso restringido

MARC

LEADER 00000nam a22000007a 4500
005 20180518213515.0
007 cr|||| ||||
008 180518s2018 mx |||||s|||| 00||0 spa d
020 |a 978-607-629-173-3 
035 |a 21718 
040 |a vLex 
090 |c 7978  |d 7978 
100 1 |a Přez Chv̀ez, Još 
245 1 0 |a Sueldos y salarios  |h [Recurso electrn̤ico] :  |b Personas fs̕icas. Gua̕ prc̀tica 2018 /  |c Jos ̌Přez Chv̀ez, Raymundo Fol Olgun̕ 
256 |a Servicio en ln̕ea 
260 |a Ciudad de Mx̌ico:  |b Tax Editores,  |c 2018 
300 |a 1 recurso electrn̤ico 
500 |a En esta obra se analizan las disposiciones fiscales relacionadas con el rǧimen fiscal de sueldos y salarios, contenidas, entre otros, en los ordenamientos siguientes: Ley del Impuesto sobre la Renta (LISR) y su reglamento; Ley del Impuesto al Valor Agregado (LIVA); Cd̤igo Fiscal de la Federacin̤ (CFF); y las reglas de la Resolucin̤ Miscelǹea Fiscal para 2017 (RMF2017), actualizadas con la Quinta Resolucin̤ de Modificaciones, publicada en el DOF el 14 de noviembre de 2017. Adems̀, se describen a las personas que deben tributar bajo este rǧimen fiscal y las obligaciones de los empleadores (como retenciones, cl̀culo del impuesto anual en ciertos casos, expedir CFDI por los pagos realizados, entre otras). Los empleadores deberǹ tener en cuenta lo siguiente: 1. Para que puedan deducir en el ISR los pagos de sueldos, salarios y conceptos asimilados a estos, los mismos deberǹ estar amparados con comprobantes fiscales digitales por Internet (CFDI) o factura electrn̤ica. 2. Los pagos que a su vez sean ingresos exentos para los trabajadores no serǹ deducibles en el ISR hasta por la cantidad que resulte de aplicar el factor de 0.53 al monto de dichos pagos. El factor ser ̀ de 0.47 cuando las prestaciones que otorguen a favor de sus trabajadores, que a su vez sean ingresos exentos para los mismos, en el ejercicio de que se trate, no disminuyan con respecto a las otorgadas en el ejercicio inmediato anterior. Esperamos que este libro sea de mucha utilidad para todos los empleadores que deseen cumplir correctamente con sus obligaciones fiscales, pues explica de una forma clara y detallada cada uno de los temas relacionados con el rǧimen de sueldos y salarios. Asimismo, se incluyen casos prc̀ticos en los que se muestra la forma correcta de hacer los cl̀culos correspondientes. 
506 1 |a Disponible solo en los productos indicados  |d vLex Global  |d vLex Global (Academic Edition, excluding Law Schools)  |d vLex Global (U.S. Academic Edition, Law Schools)  |d vLex Global (U.S. Academic Edition, excluding Law Schools)  |d vLex Global (Academic Edition, Law Schools) 
650 0 4 |a Derecho Laboral y Seguridad Social  |z Mx̌ico 
650 0 4 |a Derecho Fiscal  |z Mx̌ico 
700 1 |a Fol Olgun̕, Raymundo 
740 0 |a vLex Libros (Servicio en ln̕ea) 
856 4 0 |u http://vlex.com/source/sueldos-y-salarios-personas-fisicas-guia-practica-2018-21718  |z Acceso restringido 
942 |c BOOK 
999 0 |a Labor Law and Social Security 
999 0 |a Tax Law